[Event "GER-chT U16"]
[Site "Willingen"]
[Date "2021.06.25"]
[Round "4.4"]
[White "Sinnhoefer, Joshua"]
[Black "Schaefer, Konstantin"]
[Result "0-1"]
[WhiteElo "1712"]
[BlackElo "1754"]
[PlyCount "51"]
[EventDate "2021.06.23"]
[EventType "team-swiss"]
[EventRounds "7"]
[EventCountry "GER"]
[SourceTitle "CBM 203 Extra"]
[Source "ChessBase"]
[SourceDate "2021.09.30"]
[SourceVersion "1"]
[SourceVersionDate "2021.09.30"]
[SourceQuality "1"]
[WhiteTeam "Delmenhorst"]
[BlackTeam "Leipzig SG "]
[WhiteTeamCountry "GER"]
[BlackTeamCountry "GER"]

1. d4 Nf6 2. c4 c5 3. Nf3 cxd4 4. Nxd4 e6 5. Nc3 d5 6. Bg5 Be7 7. e3 0-0 8. cxd5 Nxd5 9. Bxe7 Nxe7 10. Bd3 Nbc6 11. 0-0 Nxd4 12. exd4 Bd7 13. Ne4 Nf5 14. Bc2 Bb5 15. Re1 Qxd4 16. Qh5 Qxb2 17. Ng5 h6 18. Bxf5 exf5 19. Nf3 Bd3 20. Nh4 Qb5 21. h3 Rfe8 22. g3 Re5 23. a4 Qb2 24. Ng2 Rae8 25. Ne3 f4 26. Qd1 0-1

[Event "GER-chT Christmas U16 Lasker"]
[Site "Playchess.com INT"]
[Date "2020.12.28"]
[Round "5.4"]
[White "Sinnhoefer, Joshua"]
[Black "Hofmann, Benjamin1111"]
[Result "0-1"]
[WhiteElo "1712"]
[BlackElo "1489"]
[PlyCount "140"]
[EventDate "2020.12.28"]
[EventType "team-swiss (blitz)"]
[EventRounds "7"]
[EventCountry "GER"]
[SourceTitle "CBM 200 Extra"]
[Source "ChessBase"]
[SourceDate "2021.03.31"]
[SourceVersion "1"]
[SourceVersionDate "2021.03.31"]
[SourceQuality "1"]
[WhiteTeam "Delmenhorst"]
[BlackTeam "Bochum SG"]
[WhiteTeamCountry "GER"]
[BlackTeamCountry "GER"]

1. e4 e5 2. Nf3 Nc6 3. d4 exd4 4. Bc4 Bc5 5. c3 d6 6. cxd4 Bb4+ 7. Nc3 Nf6 8. 0-0 Bg4 9. h3 Bxf3 10. Qxf3 Nxd4 11. Qd3 Nc6 12. Bg5 0-0 13. a3 Bc5 14. Nd5 Ne5 15. Qg3 Nxe4 16. Qf4 Nxg5 17. Qf5 Nxc4 18. Rfe1 c6 19. Ne7+ Kh8 20. Qxg5 d5 21. b3 f6 22. Ng6+ hxg6 23. Qh4+ Kg8 24. bxc4 Qb6 25. cxd5 cxd5 26. Rab1 Qc7 27. Rec1 b6 28. Qg4 Qf7 29. Re1 f5 30. Qg5 f4 31. Rbd1 Rae8 32. Rxe8 Rxe8 33. Rxd5 Qf6 34. Qg4 Re1+ 35. Kh2 Bd6 36. Qf3 Re5 37. Rd2 g5 38. Rc2 Be7 39. Rc8+ Bd8 40. Qd3 Re8 41. Qd7 Qf7 42. Rxd8 Rxd8 43. Qxd8+ Kh7 44. Qd3+ Qg6 45. Qa6 Qf7 46. Qb5 Qe7 47. Qf5+ Kh6 48. g4 fxg3+ 49. Kxg3 Qxa3+ 50. Kg2 Qd6 51. Kf3 Qf6 52. Kg4 Qxf5+ 53. Kxf5 a5 54. Ke4 a4 55. Kd3 a3 56. Kc3 Kh5 57. Kb3 Kh4 58. Kxa3 Kxh3 59. Kb2 Kg2 60. Kc2 Kxf2 61. Kc3 g4 62. Kb4 g3 63. Kb5 g2 64. Kxb6 g1Q 65. Ka7 Qb1 66. Ka6 Ke3 67. Ka7 Kd4 68. Ka6 Kc5 69. Ka7 Kc6 70. Ka8 Qb7# 0-1

[Event "GER-ch U14"]
[Site "Willingen"]
[Date "2019.06.12"]
[Round "6"]
[White "Weidenhoefer, Max"]
[Black "Sinnhoefer, Joshua"]
[Result "1/2-1/2"]
[WhiteElo "1787"]
[BlackElo "1466"]
[PlyCount "62"]
[EventDate "2019.06.08"]
[EventType "swiss"]
[EventRounds "9"]
[EventCountry "GER"]
[SourceTitle "CBM 191 Extra"]
[Source "ChessBase"]
[SourceDate "2019.09.30"]
[SourceVersion "1"]
[SourceVersionDate "2019.09.30"]
[SourceQuality "1"]

1. e4 c5 2. Nf3 Nc6 3. d4 cxd4 4. Nxd4 Nf6 5. Nc3 e5 6. Ndb5 d6 7. Bg5 Be7 8. Bxf6 Bxf6 9. Nd5 0-0 10. Nxf6+ Qxf6 11. Qxd6 Qh4 12. Bd3 Rd8 13. Qc5 Qg5 14. Kf1 Bd7 15. Qe3 Qxe3 16. fxe3 Nb4 17. Nc3 Nxd3 18. cxd3 Bg4 19. h3 Bh5 20. g4 Bg6 21. Ke2 Rd6 22. Rhd1 Rad8 23. Rd2 f6 24. Rad1 h5 25. Kf3 h4 26. d4 Kf7 27. d5 a6 28. Rc1 Rc8 29. Rdc2 Ke7 30. Rd2 Rc4 31. Rdc2 Kd7 1/2-1/2

[Event "GER-ch U14"]
[Site "Willingen"]
[Date "2019.06.11"]
[Round "4"]
[White "Sinnhoefer, Joshua"]
[Black "Schulemann, Gero"]
[Result "1-0"]
[WhiteElo "1466"]
[BlackElo "1862"]
[PlyCount "95"]
[EventDate "2019.06.08"]
[EventType "swiss"]
[EventRounds "9"]
[EventCountry "GER"]
[SourceTitle "CBM 191 Extra"]
[Source "ChessBase"]
[SourceDate "2019.09.30"]
[SourceVersion "1"]
[SourceVersionDate "2019.09.30"]
[SourceQuality "1"]

1. e4 c5 2. Nf3 e6 3. d4 cxd4 4. Nxd4 a6 5. Nc3 b5 6. Bd3 Bb7 7. f4 Nf6 8. e5 b4 9. Na4 Nd5 10. Be4 Qc7 11. 0-0 Be7 12. Kh1 Ne3 13. Bxe3 Bxe4 14. c3 Nc6 15. Nf3 Rb8 16. b3 0-0 17. c4 d6 18. exd6 Bxd6 19. Nd4 Nxd4 20. Qxd4 Ba8 21. Rac1 Rfd8 22. Qb2 Be7 23. Qf2 Qc6 24. Rfd1 Bh4 25. Qg1 Rxd1 26. Rxd1 Rd8 27. Rxd8+ Bxd8 28. Qf2 Qe4 29. Qd2 Bc7 30. Nc5 Qc6 31. h3 h6 32. Nd3 a5 33. Ne1 Qe4 34. Nf3 Bc6 35. Nd4 Qb1+ 36. Kh2 Be4 37. Nb5 a4 38. Nxc7 axb3 39. axb3 Qxb3 40. Na6 Qxc4 41. Nxb4 f5 42. Na2 Bb7 43. Qb4 Qc6 44. Qd2 Kf7 45. Nb4 Qe4 46. Nd3 Ba6 47. Nc5 Qc4 48. Qd7+ 1-0

[Event "GER-ch U12"]
[Site "Willingen"]
[Date "2018.05.25"]
[Round "10"]
[White "Sinnhoefer, Joshua"]
[Black "Sieber, Bert"]
[Result "0-1"]
[WhiteElo "1523"]
[BlackElo "1453"]
[PlyCount "52"]
[EventDate "2018.05.19"]
[EventType "swiss"]
[EventRounds "11"]
[EventCountry "GER"]
[SourceTitle "CBM 184 Extra"]
[Source "ChessBase"]
[SourceDate "2018.06.28"]
[SourceVersion "1"]
[SourceVersionDate "2018.06.28"]
[SourceQuality "1"]

1. e4 c5 2. Nf3 Nc6 3. d4 cxd4 4. Nxd4 g6 5. c4 Bg7 6. Be3 Nf6 7. Nc3 0-0 8. Be2 d6 9. 0-0 Nxd4 10. Bxd4 Bd7 11. f4 Bc6 12. Bf3 a5 13. a4 Nd7 14. Bxg7 Kxg7 15. Qd4+ Kg8 16. Kh1 Qb6 17. Qxb6 Nxb6 18. Be2 Rac8 19. Nd5 Bxd5 20. cxd5 Rc2 21. Bf3 Rfc8 22. e5 R8c5 23. Rfd1 Rxb2 24. Rdc1 Nxa4 25. h3 Rxc1+ 26. Rxc1 Nc5 0-1

[Event "GER-ch U12"]
[Site "Willingen"]
[Date "2018.05.23"]
[Round "6"]
[White "Sinnhoefer, Joshua"]
[Black "Kort, Felix"]
[Result "0-1"]
[WhiteElo "1523"]
[BlackElo "1704"]
[PlyCount "70"]
[EventDate "2018.05.19"]
[EventType "swiss"]
[EventRounds "11"]
[EventCountry "GER"]
[SourceTitle "CBM 184 Extra"]
[Source "ChessBase"]
[SourceDate "2018.06.28"]
[SourceVersion "1"]
[SourceVersionDate "2018.06.28"]
[SourceQuality "1"]

1. e4 e5 2. Nf3 Nc6 3. Bc4 Bc5 4. c3 Nf6 5. d4 exd4 6. cxd4 Bb4+ 7. Bd2 Nxe4 8. Bxb4 Nxb4 9. Bxf7+ Kxf7 10. Qb3+ d5 11. Qxb4 Qf8 12. Qb3 c6 13. Nc3 Nxc3 14. bxc3 Qe7+ 15. Ne5+ Kf8 16. 0-0 g6 17. Rae1 Qg5 18. Qb4+ Kg7 19. f4 Qf6 20. Nd3 h5 21. Rf3 Rf8 22. Rfe3 b6 23. Re7+ Kh6 24. g3 Bf5 25. Nf2 Rf7 26. Rxf7 Qxf7 27. Re7 Qf6 28. h3 c5 29. g4 Qxe7 30. dxc5 Qe1+ 31. Kg2 Be4+ 32. Nxe4 Qxe4+ 33. Qxe4 dxe4 34. Kf2 Rc8 35. Ke3 Rxc5 0-1

[Event "GER-ch U12"]
[Site "Willingen"]
[Date "2018.05.21"]
[Round "4"]
[White "Sinnhoefer, Joshua"]
[Black "Niemann, Leon Pascal"]
[Result "0-1"]
[WhiteElo "1523"]
[BlackElo "1665"]
[PlyCount "64"]
[EventDate "2018.05.19"]
[EventType "swiss"]
[EventRounds "11"]
[EventCountry "GER"]
[SourceTitle "CBM 184 Extra"]
[Source "ChessBase"]
[SourceDate "2018.06.28"]
[SourceVersion "1"]
[SourceVersionDate "2018.06.28"]
[SourceQuality "1"]

1. e4 c5 2. Nf3 Nc6 3. d4 cxd4 4. Nxd4 g6 5. c4 Nf6 6. Nc3 d6 7. Be2 Nxd4 8. Qxd4 Bg7 9. Bg5 0-0 10. 0-0 Be6 11. Qd2 Rc8 12. b3 Re8 13. Rad1 Qa5 14. f4 Ng4 15. Nd5 Qxd2 16. Rxd2 Bxd5 17. Bxg4 Be6 18. Bxe6 fxe6 19. Kf2 Rc7 20. Ke3 h6 21. Bh4 Kf7 22. g4 a6 23. Bg3 b5 24. Rc2 bxc4 25. bxc4 Rb8 26. Rff2 Rb1 27. Rfd2 Rc5 28. Kd3 Ra5 29. e5 Rc5 30. Bf2 Rc6 31. c5 dxe5 32. Rb2 e4+ 0-1

[Event "GER-ch U12"]
[Site "Willingen"]
[Date "2017.06.06"]
[Round "5"]
[White "Chassard, Cedric"]
[Black "Sinnhoefer, Joshua"]
[Result "1/2-1/2"]
[WhiteElo "1290"]
[BlackElo "1560"]
[PlyCount "158"]
[EventDate "2017.06.04"]
[EventType "swiss"]
[EventRounds "11"]
[EventCountry "GER"]
[SourceTitle "CBM 178 Extra"]
[Source "ChessBase"]
[SourceDate "2017.06.22"]
[SourceVersion "1"]
[SourceVersionDate "2017.06.22"]
[SourceQuality "1"]

1. e4 c5 2. Bc4 Nc6 3. Nf3 Nf6 4. Nc3 e6 5. d3 d5 6. exd5 exd5 7. Qe2+ Be7 8. Bb3 0-0 9. h3 Re8 10. 0-0 a6 11. a4 h6 12. Qd1 Be6 13. Ne2 Bd6 14. c3 c4 15. Bc2 cxd3 16. Bxd3 Ne5 17. Nxe5 Bxe5 18. Bf4 Bxf4 19. Nxf4 Qb6 20. Qc2 Qc7 21. Nxe6 fxe6 22. Rad1 Rad8 23. Be2 e5 24. Qb3 Kh8 25. Bf3 e4 26. Be2 e3 27. Bf3 e2 28. Bxe2 Rxe2 29. Rde1 Rde8 30. Rxe2 Rxe2 31. Qb4 Qe7 32. Qb6 Re1 33. Qa7 Rxf1+ 34. Kxf1 Qc7 35. Qa8+ Kh7 36. Qa7 Ne4 37. Qd4 Qc4+ 38. Qxc4 Nd2+ 39. Ke2 Nxc4 40. b3 Ne5 41. Ke3 Nd7 42. Kd4 Nf6 43. Kc5 Ne4+ 44. Kxd5 Nxc3+ 45. Kc4 Nd1 46. f3 Ne3+ 47. Kc5 Kg6 48. Kb6 Kf6 49. Kxb7 Ke6 50. Kxa6 Kd6 51. g3 Kc6 52. b4 Nc4 53. b5+ Kc7 54. a5 Kb8 55. b6 Nd6 56. f4 g6 57. g4 h5 58. gxh5 gxh5 59. f5 Nxf5 60. Kb5 Nd4+ 61. Kc5 Nb3+ 62. Kb5 Nd4+ 63. Kc4 Ne6 64. Kc3 Nf4 65. h4 Ng6 66. Kd3 Nxh4 67. Ke3 Nf5+ 68. Kf2 Ne7 69. Kg3 Ng6 70. Kh3 Kb7 71. Kg3 h4+ 72. Kh3 Ka6 73. Kg4 Ne5+ 74. Kxh4 Nc4 75. b7 Kxb7 76. a6+ Ka8 77. a7 Na5 78. Kg4 Nc6 79. Kg3 Nxa7 1/2-1/2

[Event "GER-ch U12"]
[Site "Willingen"]
[Date "2017.06.05"]
[Round "3"]
[White "Sinnhoefer, Joshua"]
[Black "Grabbel, Torben Frederik"]
[Result "1-0"]
[WhiteElo "1560"]
[BlackElo "1405"]
[PlyCount "51"]
[EventDate "2017.06.04"]
[EventType "swiss"]
[EventRounds "11"]
[EventCountry "GER"]
[SourceTitle "CBM 178 Extra"]
[Source "ChessBase"]
[SourceDate "2017.06.22"]
[SourceVersion "1"]
[SourceVersionDate "2017.06.22"]
[SourceQuality "1"]

1. e4 e5 2. Nf3 Nc6 3. Bc4 Bc5 4. c3 Nf6 5. d4 exd4 6. cxd4 Bb4+ 7. Bd2 Bxd2+ 8. Nbxd2 d5 9. exd5 Nxd5 10. 0-0 0-0 11. Re1 Be6 12. Rc1 Re8 13. Ne4 h6 14. Nc5 Bc8 15. Rxe8+ Qxe8 16. Bxd5 Nb4 17. Bc4 b6 18. Ne5 Be6 19. Nxe6 fxe6 20. Qf3 Rd8 21. a3 Nd5 22. Bxd5 Rxd5 23. h3 c5 24. Qg3 Rxd4 25. Ng4 Rd5 26. Nf6+ 1-0

[Event "GER-ch U10"]
[Site "Willingen"]
[Date "2016.05.17"]
[Round "5.17"]
[White "Hagner, Bennet"]
[Black "Sinnhoefer, Joshua"]
[Result "1-0"]
[WhiteElo "1370"]
[BlackElo "1308"]
[PlyCount "103"]
[EventDate "2016.05.15"]
[EventType "swiss"]
[EventRounds "11"]
[EventCountry "GER"]
[SourceTitle "CBM 172 Extra"]
[Source "ChessBase"]
[SourceDate "2016.06.21"]
[SourceVersion "1"]
[SourceVersionDate "2016.06.21"]
[SourceQuality "1"]

1. e4 e5 2. Nf3 Nc6 3. d4 exd4 4. Nxd4 Bc5 5. Nxc6 bxc6 6. Bc4 Ne7 7. Qh5 d5 8. 0-0 Be6 9. exd5 Nxd5 10. Bxd5 Qxd5 11. Qh4 0-0 12. Nc3 Qd4 13. Qg3 Qg4 14. Qxc7 Rac8 15. Qg3 Qg6 16. Qxg6 fxg6 17. Be3 Bxe3 18. fxe3 Rfe8 19. Rae1 Rcd8 20. Rd1 Rb8 21. b3 Bf5 22. e4 Be6 23. Rd6 Rb6 24. Na4 Rbb8 25. Rxc6 Bd7 26. Rc7 Bxa4 27. bxa4 Rb2 28. Rff7 Rb1+ 29. Kf2 Rf8 30. Rxf8+ Kxf8 31. Rxa7 Rb2 32. a5 Rxc2+ 33. Kf3 Rxa2 34. a6 Ra3+ 35. Kf4 Ra5 36. g4 g5+ 37. Ke3 h6 38. Kd4 g6 39. e5 Kg8 40. e6 Kf8 41. Rf7+ Kg8 42. a7 h5 43. Rh7 Kxh7 44. e7 hxg4 45. e8Q Rxa7 46. Ke4 Kh6 47. Qh8+ Rh7 48. Qf8+ Kh5 49. Ke3 Rh6 50. Kf2 Rh7 51. Kg3 Rg7 52. Qh8+ 1-0

[Event "Niedersachsen-ch op-B"]
[Site "Verden"]
[Date "2015.01.02"]
[Round "1"]
[White "Sinnhoefer, Joshua"]
[Black "Schumann, Wolfgang"]
[Result "0-1"]
[WhiteElo "1011"]
[BlackElo "1715"]
[PlyCount "79"]
[EventDate "2015.01.02"]
[EventType "swiss"]
[EventRounds "7"]
[EventCountry "GER"]
[SourceTitle "EXT 2018"]
[Source "ChessBase"]
[SourceDate "2017.10.13"]
[SourceVersion "1"]
[SourceVersionDate "2017.10.13"]
[SourceQuality "1"]

1. d4 Nf6 2. Nf3 e6 3. Nc3 d5 4. Bg5 h6 5. Bf4 a6 6. e3 c5 7. Be2 Nc6 8. 0-0 cxd4 9. Nxd4 Nxd4 10. Qxd4 Be7 11. Na4 Bd6 12. Qb6 Bxf4 13. exf4 0-0 14. c4 Bd7 15. Qxd8 Raxd8 16. Nc5 Bc6 17. cxd5 Rxd5 18. Nb3 Rfd8 19. g3 Bb5 20. Bxb5 Rxb5 21. Rab1 Ne4 22. Rfe1 Nd2 23. Nxd2 Rxd2 24. a3 Rdxb2 25. Rxb2 Rxb2 26. Ra1 Kf8 27. Kf1 Ke7 28. Rd1 b5 29. Rd3 Rc2 30. Rd4 Ra2 31. Rd3 Rb2 32. Rd4 a5 33. a4 b4 34. Rd3 Ra2 35. Rf3 Rxa4 36. Ke1 Ra3 37. Re3 Kd6 38. Kd1 Rxe3 39. fxe3 Kd5 40. Kd2 0-1